Introduction to radiologic technology / (رقم التسجيلة. 42655)
[ عرض عادي ]
| 000 -الفاتح | |
|---|---|
| حقل البيانات ثابتة الطول | 02778cam a2200361 a 4500 |
| 001 - رقم الضبط | |
| رقم الضبط | 16290288 |
| 003 - محدد رقم الضبط | |
| رقم الضبط | OSt |
| 005 - وقت وتاريخ اخر تعامل مع التسجيلة | |
| رقم الضبط | 20180829162512.0 |
| 008 - عناصر البيانات ثابتة الطول - معلومات عامة | |
| حقل البيانات ثابتة الطول | 100616r20111992moua b 001 0 eng |
| 010 ## - رقم ضبط مكتبة الكونجرس | |
| رقم ضبط مكتبة الكونجرس | 2010025666 |
| 020 ## - الرقم الدولى المعيارى للكتب | |
| الرقم الدولى المعيارى للكتاب | 9780323073516 (pbk. : alk. paper) |
| 035 ## - رقم ضبط النظام | |
| رقم ضبط النظام | (DNLM)101533439 |
| 040 ## - مصدر الفهرسة | |
| وكالة الفهرسة الأصلية | DNLM/DLC |
| وكالة النسخ | DLC |
| وكالة التعديل | DLC |
| 042 ## - رمز التحقق | |
| رمز التحقق | pcc |
| 050 00 - رقم طلب مكتبة الكونجرس | |
| رقم التصنيف | R898 |
| رقم المادة | .I57 2011 |
| 060 10 - رقم الطلب بالمكتبة الطبية الوطنية | |
| رقم التصنيف | WN 160 |
| رقم المادة | I62 2011 |
| 082 00 - رقم تصنيف ديوى العشرى | |
| رقم التصنيف | 610.28 |
| رقم الطبعة | 22 |
| رقم المادة | INR |
| 245 00 - بيان العنوان | |
| العنوان | Introduction to radiologic technology / |
| بيان المسئوليه,etc | [edited by] LaVerne Tolley Gurley, William J. Callaway ; [contributors: Nancy S. Adams...[et al.]. |
| 250 ## - بيان الطبعة | |
| بيان الطبعة | 7th ed. |
| 260 ## - PUBLICATION, DISTRIBUTION, ETC. (IMPRINT) | |
| مكان الناشر او الموزع | Maryland Heights, MO : |
| اسم الناشر او الموزع | Elsevier/Mosby, |
| تاريخ النشر أو التوزيع | c2011. |
| 300 ## - الوصف المادى | |
| التعداد | xii, 291 p. : |
| تفاصيل ماديه اخرى للوعاء | ill. (some col.) ; |
| أبعاد الوعاء | 24 cm. |
| 504 ## - تبصرة ببليوجرافية | |
| تبصرة ببليوجرافية,الخ | Includes bibliographical references and index. |
| 505 0# - تبصرة محتويات-الفهرس | |
| تبصرة المحتويات المصاغة | Introduction to quality customer service / William J. Callaway -- Becoming a better student / LaVerne Tolley Gurley -- Critical thinking skills / LaVerne Tolley Gurley -- Evolution of health care delivery / William J. Callaway -- Radiology : a historic perspective / LaVerne Tolley Gurley -- Radiography education : from classroom to clinic / LaVerne Tolley Gurley -- The language of medicine / William J. Callaway -- Imaging equipment / William J. Callaway -- Radiographic examinations : diagnosing disease and injury / William J. Callaway -- Imaging : conventional and digital / LaVerne Tolley Gurley -- Ethics and professionalism in radiologic technology / James Ohnysty -- Knowing your patient / LaVerne Tolley Gurley -- Patient care and management / Penny S. Mays -- Medicolegal considerations / Russell A. Tolley -- Organization and operation of the radiology department / Penny S. Mays -- |
| 505 0# - تبصرة محتويات-الفهرس | |
| تبصرة المحتويات المصاغة | Economics of radiology / LaVerne Tolley Gurley -- Quality assurance in radiology / Nancy Adams -- Radiation safety and protective measures / LaVerne Tolley Gurley -- Allied health professions / LaVerne Tolley Gurley -- The American Registry of Radiologic Technologists / Neta B. McKnight -- The Joint Review Committee on Education in Radiologic Technology / Joanne S. Greathouse -- Professional associations / William J. Callaway -- Specialization in radiologic technology / Peggy D. Franklin -- Professional development and career advancement / Carole South-Winter -- Continuing education for the radiologic technologist / Barbara A. Burnham-Rupp. |
| 650 #0 - المدخل الاضافى بالموضوع-مصطلح موضوعى | |
| مصطلح موضوعي أو اسم جغرافي كعنصر مدخل | Medical radiology |
| التقسيم الفرعي العام | Vocational guidance. |
| 9 (RLIN) | 64445 |
| 650 #0 - المدخل الاضافى بالموضوع-مصطلح موضوعى | |
| مصطلح موضوعي أو اسم جغرافي كعنصر مدخل | Radiologic technologists. |
| 9 (RLIN) | 64446 |
| 650 12 - المدخل الاضافى بالموضوع-مصطلح موضوعى | |
| مصطلح موضوعي أو اسم جغرافي كعنصر مدخل | Technology, Radiologic. |
| 9 (RLIN) | 13225 |
| 700 1# - المدخل الاضافى - اسم شخصى | |
| الإسم الشخصى | Gurley, Laverne Tolley, |
| التواريخ المصاحبة للاسم | 1918- |
| 9 (RLIN) | 64447 |
| 700 1# - المدخل الاضافى - اسم شخصى | |
| الإسم الشخصى | Callaway, William J. |
| الشكل الأكمل للاسم | (William Joseph), |
| التواريخ المصاحبة للاسم | 1951- |
| 9 (RLIN) | 64448 |
| 906 ## - عنصر بيانات محلى F, LDF (RLIN) | |
| a | 7 |
| b | cbc |
| c | orignew |
| d | 1 |
| e | ecip |
| f | 20 |
| g | y-gencatlg |
| 942 ## - عناصر المدخل الإضافي( كوها) | |
| مصدر التصنيف او مخطط الترفيف | Dewey Decimal Classification |
| Koha [default] item type | كتاب |
| حالة الفقد | نموذج السعر الفعال | حالة تلف | ليس للاعارة | رقم الطلب | تاريخ الاكتساب | الموقع الحالي | الباركود | الفرع الرئيسي | Date last seen | نوع المادة فى نظام كوها | مصدر التصنيف او خطة الترفيف | Total Checkouts |
|---|---|---|---|---|---|---|---|---|---|---|---|---|
| 2018-08-29 | 610.28 INR | 2018-08-29 | المكتبة المركزية بالمجمعة (CL) | 00657437 | المكتبة المركزية بالمجمعة (CL) | 2018-08-29 | كتاب | Dewey Decimal Classification | ||||
| 2018-08-29 | 610.28 INR | 2018-08-29 | المكتبة المركزية بالمجمعة (CL) | 00657438 | المكتبة المركزية بالمجمعة (CL) | 2018-08-29 | كتاب | Dewey Decimal Classification | ||||
| 2018-08-29 | 610.28 INR | 2018-08-29 | المكتبة المركزية بالمجمعة (CL) | 00657439 | المكتبة المركزية بالمجمعة (CL) | 2018-08-29 | كتاب | Dewey Decimal Classification | ||||
| 2018-09-04 | 610.28 INR | 2018-09-04 | مكتبة كلية العلوم الطبية التطبيقية بالمجمعة - طالبات (AMF) | 00657745 | مكتبة كلية العلوم الطبية التطبيقية بالمجمعة - طالبات (AMF) | 2018-09-04 | كتاب | Dewey Decimal Classification | ||||
| 2018-09-04 | 610.28 INR | 2018-09-04 | مكتبة كلية العلوم الطبية التطبيقية بالمجمعة - طالبات (AMF) | 00657746 | مكتبة كلية العلوم الطبية التطبيقية بالمجمعة - طالبات (AMF) | 2018-09-04 | كتاب | Dewey Decimal Classification |
